Service Management:Operations Strategy Information Technology (Record no. 127760)

MARC details
000 -LEADER
fixed length control field 00476nam a2200133Ia 4500
008 - FIXED-LENGTH DATA ELEMENTS--GENERAL INFORMATION
fixed length control field 211122s9999||||xx |||||||||||||| ||und||
082 ## - DEWEY DECIMAL CLASSIFICATION NUMBER
Classification number 658.455
Item number FIT-S
100 ## - MAIN ENTRY--PERSONAL NAME
Personal name Fitzsimmons, James A/Mona J Fittzsimmons
245 #0 - TITLE STATEMENT
Title Service Management:Operations Strategy Information Technology
260 ## - PUBLICATION, DISTRIBUTION, ETC.
Name of publisher, distributor, etc. Mcgraw Hill Education (India) Pvt.Ltd
Place of publication, distribution, etc. Chennai
630 ## - SUBJECT ADDED ENTRY--UNIFORM TITLE
General subdivision MBA LIBRARY
650 ## - SUBJECT ADDED ENTRY--TOPICAL TERM
Topical term or geographic name entry element Management
942 ## - ADDED ENTRY ELEMENTS (KOHA)
Koha item type BOOK
650 ## - SUBJECT ADDED ENTRY--TOPICAL TERM
Form subdivision TECHNOLOGYMANAGEMEMT & AUXILIARY SERVICESGENERAL MANAGEMENT
Holdings
Withdrawn status Lost status Damaged status Not for loan Home library Current library Date acquired Cost, normal purchase price Total Checkouts Full call number Barcode Shelving location Date last seen Date last checked out Price effective from Koha item type
        SB LIBRARY SB LIBRARY 22/11/2021 895.00 2 658.455 FIT-S 00141491 MBA LIBRARY 08/05/2024 08/02/2024 22/11/2021 BOOK

Powered by Koha